<?xml version="1.0" encoding="UTF-8"?>
<record
    xmlns:xsi="http://www.w3.org/2001/XMLSchema-instance"
    xsi:schemaLocation="http://www.loc.gov/MARC21/slim http://www.loc.gov/standards/marcxml/schema/MARC21slim.xsd"
    xmlns="http://www.loc.gov/MARC21/slim">

  <leader>00800nam a2200157Ia 4500</leader>
  <controlfield tag="001">13211</controlfield>
  <controlfield tag="008">250715b        |||||||| |||| 00| 0 spa d</controlfield>
  <datafield tag="020" ind1=" " ind2=" ">
    <subfield code="a">84-493-1483-6</subfield>
  </datafield>
  <datafield tag="041" ind1=" " ind2=" ">
    <subfield code="a">spa \ eng</subfield>
  </datafield>
  <datafield tag="100" ind1=" " ind2=" ">
    <subfield code="a">Zolla, Elemire, [(1926-2002)]</subfield>
  </datafield>
  <datafield tag="240" ind1=" " ind2=" ">
    <subfield code="a">Le  meraviglie della  natura</subfield>
  </datafield>
  <datafield tag="245" ind1=" " ind2=" ">
    <subfield code="a">Una  introducci&#xF3;n a la alquimia : </subfield>
    <subfield code="b">las maravillas de la naturaleza / </subfield>
    <subfield code="c">por El&#xE9;mire Zolla; Jos&#xE9; Mar&#xED;a Pinto trad.</subfield>
  </datafield>
  <datafield tag="260" ind1=" " ind2=" ">
    <subfield code="a">Barcelona : </subfield>
    <subfield code="b">Paid&#xF3;s Iberica; Marsilio Italia, 2003</subfield>
  </datafield>
  <datafield tag="500" ind1=" " ind2=" ">
    <subfield code="a">Referencias Bibliogr&#xE1;ficas de los fragmentos citados : Cancionero, Madrid Alianza, 1995, trad. de &#xC1;ngel Crespo ; La Divina Comedia, Barcelona Planeta, 1990, trad. de &#xC1;ngel Crespo ; Las Flores del Mla, Madrid, Alianza, 1997, trad. de Antonio Mart&#xED;nez Sarri&#xF3;n</subfield>
  </datafield>
  <datafield tag="700" ind1=" " ind2=" ">
    <subfield code="a">I.Pinto, Jos&#xE9; Maria trad.</subfield>
  </datafield>
  <datafield tag="999" ind1=" " ind2=" ">
    <subfield code="c">232982</subfield>
    <subfield code="d">232982</subfield>
  </datafield>
</record>
